000 00715nam a2200205 i 4500
001 114918
003 ES-MaACL
007 t|
008 070212s1946 sp ||||1| spa d
080 _a511.332
100 1 _aIglesias Garrido, Tomás.
_965115
245 1 0 _aEstudio de la reordenación de series de Dirichlet /
_cTomás Iglesias Garrido.
260 _aMadrid :
_bConsejo Superior de Investigaciones Científicas,
_c1946.
300 _a106 p. ;
_c24 cm.
490 1 _aMemorias de matemáticas del Instituto "Jorge Juan" ;
_v1
650 1 4 _aDirichlet, Series de.
_911930
830 0 0 _aMemorias de matemáticas del Instituto "Jorge Juan"
_v1
_9185834
852 _aES-MaACL
_jE-4501
999 _c114918
_d114918